Norway in Eurovision - 12 points - Statistics

General Stats
  • This quiz has been taken 43 times
  • The average score is 78 of 83
Answer Stats
Hint Answer % Correct
1984 Denmark
100%
1995 Denmark
100%
2001 Denmark
100%
2005 SF Denmark
100%
2005 Denmark
100%
2008 Denmark
100%
2009 SF Denmark
100%
2018 SF (Televote) Denmark
100%
2006 Finland
100%
2011 SF Finland
100%
2011 Finland
100%
2014 SF Finland
100%
2023 SF (Televote) Finland
100%
2023 (Jury) Finland
100%
2023 (Televote) Finland
100%
1990 France
100%
1991 France
100%
1997 France
100%
2010 Germany
100%
2018 (Jury) Germany
100%
1996 QR Iceland
100%
2003 Iceland
100%
2007 SF Iceland
100%
2009 Iceland
100%
1992 Italy
100%
2016 (Jury) Italy
100%
1983 Sweden
100%
1985 Sweden
100%
1988 Sweden
100%
1999 Sweden
100%
2004 Sweden
100%
2007 Sweden
100%
2010 SF Sweden
100%
2012 SF Sweden
100%
2012 Sweden
100%
2013 Sweden
100%
2015 SF Sweden
100%
2015 Sweden
100%
2018 SF (Jury) Sweden
100%
2019 SF (Jury) Sweden
100%
2019 (Televote) Sweden
100%
1981 Switzerland
100%
2024 (Jury) Switzerland
100%
1976 United Kingdom
100%
1989 United Kingdom
100%
2017 SF (Jury) Bulgaria
97%
2017 SF (Televote) Bulgaria
97%
2017 (Jury) Bulgaria
97%
2022 SF (Jury) Greece
97%
2022 SF (Televote) Greece
97%
2022 (Jury) Greece
97%
1977 Ireland
97%
1978 Ireland
97%
1980 Ireland
97%
1993 Ireland
97%
1994 Ireland
97%
2022 (Televote) Ukraine
97%
2024 (Televote) Croatia
94%
1975 Netherlands
94%
2014 Netherlands
94%
1996 Portugal
94%
2017 (Televote) Portugal
94%
1986 Luxembourg
91%
2016 SF (Jury) Australia
86%
1979 Israel
86%
2024 SF (Televote) Israel
86%
2000 Latvia
86%
1982 Cyprus
83%
2016 SF (Televote) Lithuania
83%
2016 (Televote) Lithuania
83%
2018 (Televote) Lithuania
83%
2019 SF (Televote) Lithuania
83%
2021 SF (Televote) Lithuania
83%
2021 (Televote) Lithuania
83%
1998 Malta
80%
2013 SF Malta
80%
2021 SF (Jury) Malta
80%
2021 (Jury) Malta
80%
2004 SF Bosnia & Herzegovina
74%
2006 SF Bosnia & Herzegovina
74%
2008 SF Bosnia & Herzegovina
74%
1987 Yugoslavia
71%
2019 (Jury) Czech Republic
69%
No matching quizzes found
Score Distribution
Percent of People with Each Score
Percentile by Number Answered
Your Score History
You have not taken this quiz